Préfectures françaises en rébus - Statistiques

Statistiques générales
  • Ce quiz a été pris 243 fois
  • Le résultat moyen est 12 sur 16
Statistiques - réponses
Par images Réponse % Correct
Nîmes
97%
Paris
93%
Annecy
92%
Rennes
91%
Niort
88%
Chaumont
87%
Auxerre
86%
Rouen
85%
Cahors
79%
Mont de Marsan
74%
Orléans
67%
Chambery
66%
Chateauroux
64%
Saint Etienne
64%
Carcassonne
61%
Epinal
45%
Aucun quiz correspondant
Distribution des résultats
% des personnes avec chaque résultat
Percentile par nombre de réponses
Votre historique - résultats
Vous n’avez pas pris ce quiz